00539nam a2200181Ia 4500100001900000650000800019250000600027942000700033366000900040654000800049245004500057260002800102082002100130300000800151546001200159999001700171952016900188 aDeshpande/P.S  aSQL a2 cBK f17.5 aSQL aSQL and PL/SQL for Oracle 10g Black Book bDreamtechaMumbaic2007 a005.133/DESbDES a524 aENGLISH c20040d20040 001040708CRCaCRCEbCRCEd2023-03-17eEducational books and periodicalsg329.18i134 dt 30/12/2008l0o005.133/DES DESp19240r2023-03-17v399.00w0000-00-00yBK